4-Word TV Slot Machine Quiz Stats

 Plays Quiz Updated Mar 26, 2015

Challenge
Share
Tweet
Score 0/100 Timer 08:00
2 Plays Today
Word Show Name % Correct
BuffyBuffy The Vampire Slayer
98.8%
TheBuffy The Vampire Slayer
98.8%
VampireBuffy The Vampire Slayer
98.8%
SlayerBuffy The Vampire Slayer
98.8%
TeenageTeenage Mutant Ninja Turtles
98.6%
MutantTeenage Mutant Ninja Turtles
98.6%
NinjaTeenage Mutant Ninja Turtles
98.6%
TurtlesTeenage Mutant Ninja Turtles
98.6%
MalcolmMalcolm In The Middle
98%
InMalcolm In The Middle
98%
TheMalcolm In the Middle
98%
MiddleMalcolm In The Middle
98%
SabrinaSabrina, The Teenage Witch
97.9%
TheSabrina, The Teenage Witch
97.9%
TeenageSabrina, The Teenage Witch
97.9%
WitchSabrina, The Teenage Witch
97.9%
TheThe Big Bang Theory
96.9%
BigThe Big Bang Theory
96.9%
BangThe Big Bang Theory
96.9%
TheoryThe Big Bang Theory
96.9%
SavedSaved By The Bell
96.7%
BySaved By The Bell
96.7%
TheSaved By The Bell
96.7%
BellSaved By The Bell
96.7%
America'sAmerica's Funniest Home Videos
96.4%
FunniestAmerica's Funniest Home Videos
96.4%
HomeAmerica's Funniest Home Videos
96.4%
VideosAmerica's Funniest Home Videos
96.4%
DealDeal Or No Deal
94.4%
OrDeal Or No Deal
94.4%
NoDeal Or No Deal
94.4%
DealDeal Or No Deal
94.4%
OnceOnce Upon A Time
93.9%
UponOnce Upon A Time
93.9%
Word Show Name % Correct
AOnce Upon A Time
93.9%
TimeOnce Upon A Time
93.9%
DaysDays Of Our Lives
93.4%
OfDays Of Our Lives
93.4%
OurDays Of Our Lives
93.4%
LivesDays Of Our Lives
93.4%
TheThe David Letterman Show
92.7%
DavidThe David Letterman Show
92.7%
LettermanThe David Letterman Show
92.7%
ShowThe David Letterman Show
92.7%
MightyMighty Morphin' Power Rangers
91.6%
Morphin'Mighty Morphin' Power Rangers
91.6%
PowerMighty Morphin' Power Rangers
91.6%
RangersMighty Morphin' Power Rangers
91.6%
LeaveLeave It To Beaver
91.1%
ItLeave It To Beaver
91.1%
ToLeave It To Beaver
91.1%
BeaverLeave It To Beaver
91.1%
MyMy Name Is Earl
91.1%
NameMy Name Is Earl
91.1%
IsMy Name Is Earl
91.1%
EarlMy Name Is Earl
91.1%
II Dream Of Jeannie
91%
DreamI Dream Of Jeannie
90.9%
JeannieI Dream Of Jeannie
90.9%
OfI Dream Of Jeannie
90.9%
Dr.Dr. Quinn, Medicine Woman
89.6%
QuinnDr. Quinn, Medicine Woman
89.6%
MedicineDr. Quinn, Medicine Woman
89.6%
WomanDr. Quinn, Medicine Woman
89.6%
EdEd, Edd, And Eddy
88.3%
EddEd, Edd, And Eddy
88.3%
AndEd, Edd, And Eddy
88.3%
EddyEd, Edd, And Eddy
88.3%
Word Show Name % Correct
AvatarAvatar: The Last Airbender
87.5%
TheAvatar: The Last Airbender
87.5%
LastAvatar: The Last Airbender
87.5%
AirbenderAvatar: The Last Airbender
87.5%
UnitedUnited States of Tara
86.6%
StatesUnited States of Tara
86.6%
OfUnited States of Tara
86.6%
TaraUnited States of Tara
86.6%
AreAre We There Yet?
86.2%
WeAre We There Yet?
86.2%
ThereAre We There Yet?
86.2%
YetAre We There Yet?
86.2%
ClarissaClarissa Explains It All
85%
ExplainsClarissa Explains It All
85%
ItClarissa Explains It All
85%
AllClarissa Explains It All
85%
WhatWhat Not To Wear
83.5%
NotWhat Not To Wear
83.5%
ToWhat Not To Wear
83.5%
WearWhat Not To Wear
83.5%
AreAre You Being Served?
81.7%
YouAre You Being Served?
81.7%
BeingAre You Being Served?
81.7%
ServedAre You Being Served?
81.7%
MyMy So-Called Life
79.5%
SoMy So-Called Life
79.5%
CalledMy So-Called Life
79.5%
LifeMy So-Called Life
79.5%
AquaAqua Teen Hunger Force
78.2%
TeenAqua Teen Hunger Force
78.2%
HungerAqua Teen Hunger Force
78.2%
ForceAqua Teen Hunger Force
78.2%

You're not logged in!

Compare scores with friends on all Sporcle quizzes.
Join for Free
OR
Log In

You Might Also Like...

Show Comments

Extras

Top Quizzes Today


Score Distribution

Your Account Isn't Verified!

In order to create a playlist on Sporcle, you need to verify the email address you used during registration. Go to your Sporcle Settings to finish the process.

Report this User

Report this user for behavior that violates our Community Guidelines.

Details: